000 00294 a2200145 4500
001 169493
020 _a
040 _cMagnum
100 _aBruner, Jerome
240 1 0 _aO processo da educacao
_lpor
245 1 0 _aO processo da educacao
362 0 _a1899
697 _aENSINO
942 _cBK
999 _c169493
_d169493